Correo Dadá : (Record no. 180188)

MARC details
000 -LEADER
campo de control de longitud fija 01186nam a2200325 i 4500
001 - NÚMERO DE CONTROL
campo de control 180188
003 - IDENTIFICADOR DE NÚMERO DE CONTROL
campo de control ES-MaACL
005 - FECHA Y HORA DE LA ÚLTIMA TRANSACCIÓN
campo de control 20230929122209.0
008 - DATOS DE LONGITUD FIJA--INFORMACIÓN GENERAL
campo de control de longitud fija 120514s2011 sp acp |||| |dspa d
020 ## - NÚMERO INTERNACIONAL ESTÁNDAR DEL LIBRO
Número Internacional Estándar del Libro 978-84-7774-207-4
080 ## - NÚMERO DE LA CLASIFICACIÓN DECIMAL UNIVERSAL
Número de la Clasificación Decimal Universal 7.037.4
100 1# - ENTRADA PRINCIPAL--NOMBRE DE PERSONA
Nombre de persona Hausmann, Raoul.
9 (RLIN) 150003
245 10 - MENCIÓN DEL TÍTULO
Título Correo Dadá :
Resto del título (una historia del movimiento dadaísta contada desde dentro) /
Mención de responsabilidad, etc. Raoul Hausmann ; prólogo de Santiago López Petit ; traducción de Marisa Pérez Colina.
250 ## - MENCION DE EDICION
Mención de edición Nueva ed. ampl., establecida y anotada
Resto de la mención de edición por Marc Dachy.
260 ## - PUBLICACIÓN, DISTRIBUCIÓN, ETC.
Lugar de publicación, distribución, etc. [Madrid] :
Nombre del editor, distribuidor, etc. Acuarela :
-- A. Machado Libros,
Fecha de publicación, distribución, etc. 2011.
300 ## - DESCRIPCIÓN FÍSICA
Extensión 260 p. :
Otras características físicas il. ;
Dimensiones 21 cm.
490 1# - MENCIÓN DE SERIE
Mención de serie Acuarela libros ;
Designación de volumen o secuencia 31
500 ## - NOTA GENERAL
Nota general Cronología: p. 247-254.
500 ## - NOTA GENERAL
Nota general Índices.
504 ## - NOTA DE BIBLIOGRAFÍA, ETC.
Nota de bibliografía, etc. Bibliografía: p. 239-245.
650 #7 - PUNTO DE ACCESO ADICIONAL DE MATERIA--TÉRMINO DE MATERIA
Término de materia o nombre geográfico como elemento de entrada Dadaísmo.
9 (RLIN) 11531
700 1# - ENTRADA AGREGADA--NOMBRE PERSONAL
Nombre de persona Dachy, Marc.
9 (RLIN) 150004
700 1# - ENTRADA AGREGADA--NOMBRE PERSONAL
Nombre de persona López Petit, Santiago.
9 (RLIN) 150005
700 1# - ENTRADA AGREGADA--NOMBRE PERSONAL
Nombre de persona Pérez Colina, Marisa.
9 (RLIN) 90735
830 1# - PUNTO DE ACCESO ADICIONAL DE SERIE-TÍTULO UNIFORME
Título uniforme Acuarela libros ;
Designación de volumen o secuencia 31
9 (RLIN) 191206
852 ## - LOCALIZACIÓN
Ubicación ES-MaACL
Número de control de estantería A-12098
itemnumber 187098
Sublocalización o colección R.147062
Ubicación en estantería Depósito 1
Signatura antigua Olim: N-5103
942 ## - ELEMENTOS DE ENTRADA SECUNDARIOS (KOHA)
Fuente del sistema de clasificación o colocación Clasificación decimal universal
Tipo de ítem Koha Libro impreso
Holdings
Estatus retirado Estado de pérdida Fuente del sistema de clasificación o colocación Estado de daño No para préstamo Biblioteca de origen Biblioteca actual Ubicación en estantería Fecha de adquisición Fuente de adquisición Total de préstamos Signatura topográfica completa Código de barras Visto por última vez Precio de reemplazo Tipo de ítem Koha
    Clasificación decimal universal     Biblioteca del Ateneo de Madrid Biblioteca del Ateneo de Madrid Depósito 1 14/05/2012 Compra   A-12098 1189330 23/02/2023 23/02/2023 Libro impreso